00497nam a22001577a 450000500170000001000150001702000260003203500140005803700130007208200100008510000190009524500590011426000410017327001050021430000200031920220511125451.0 aENG-132588 a9789382025276c495.00 aEN-116120 bDBAD/PUB a158.1 aMittal, Sudhir aLife Again:cSudhir MittalbThe Story of Your Success/ aNew DelhibPigeon Books India c2016 a1-2/16, Ansari Road DaryaganjbNew Delhie110002k9810229648, 9312286851mgeneralbookdepot@yahoo.com a162pc21cm(hbk)